A working relationship (Record no. 76654)

MARC details
000 -LEADER
fixed length control field 01071cab a2200205 4500
001 - CONTROL NUMBER
control field ##L132841
008 - FIXED-LENGTH DATA ELEMENTS--GENERAL INFORMATION
fixed length control field 060313n2006 000 0 eng u
035 ## - SYSTEM CONTROL NUMBER
System control number (Sirsi) u132841
041 0# - LANGUAGE CODE
Language code of text/sound track or separate title eng
100 1# - MAIN ENTRY--PERSONAL NAME
Personal name Grierson, James
245 02 - TITLE STATEMENT
Title A working relationship
260 ## - PUBLICATION, DISTRIBUTION, ETC.
Date of publication, distribution, etc. 2006
490 #0 - SERIES STATEMENT
Series statement Estates Gazette
Volume/sequential designation (0609) 4 March 2006, 178-179(2)
520 ## - SUMMARY, ETC.
Summary, etc. The second of two "Mainly for students" articles on outsourcing (see also L132659) advises on how to get the best from external suppliers. Covers what requirements drive outsourcing, new patterns in outsourcing property services, selection criteria for outsourcing contracts and the role of the adviser. Concludes that outsourcing is becoming increasingly popular both in the public and the private sectors and that good outsourcing arrangements are founded on good relationships between the service provider and the external expert. Provides a further reading list.
590 ## - LOCAL NOTE (RLIN)
Local note IKA140306
690 ## - LOCAL SUBJECT ADDED ENTRY--TOPICAL TERM (OCLC, RLIN)
Topical term or geographic name as entry element MANAGEMENT-FACILITIES MANAGEMENT
700 1# - ADDED ENTRY--PERSONAL NAME
Personal name Davis, Ron
700 1# - ADDED ENTRY--PERSONAL NAME
Personal name French, Nick
942 ## - ADDED ENTRY ELEMENTS (KOHA)
Suppress in OPAC 0
Holdings
Withdrawn status Lost status Source of classification or shelving scheme Damaged status Not for loan Home library Current library Shelving location Date acquired Total Checkouts Full call number Barcode Date last seen Copy number Price effective from Koha item type
    Dewey Decimal Classification     London London Journal article 13/03/2006   L132841 132841-1001 06/08/2019 1 06/08/2019 Journal article